| 000 | 00000nas 2200000za 4500 |
| 001 | 9.514872 |
| 003 | CaOODSP |
| 005 | 20200331035238 |
| 007 | ta |
| 008 | 150406d1983199uonc x m #||||f| |0eng|d |
| 022 | |a0821-1027 |
| 040 | |aCaOODSP|beng |
| 043 | |an-cn--- |
| 086 | 1 |aR61-2/9E|zR61-2/1E |
| 130 | 0 |aStudies in archaeology, architecture and history. |
| 245 | 10|aStudies in archaeology, architecture and history. |
| 260 | |aOttawa : |bNational Historic and Sites Branch, Parks Canada, |c1983-1996? |
| 310 | |aIrregular |
| 692 | 07|2gccst|aHistoric sites |
| 710 | 1 |aCanada. |bParks Canada. |bNational Historic Parks and Sites Branch. |
| 775 | 08|tÉtudes en archéologie, architecture et histoire.|w(CaOODSP)9.513216 |
| 776 | 0#|tStudies in archaeology, architecture and history |w(CaOODSP)9.836869 |